• 首页
  • 本馆介绍
  • 公告通知
  • 最新文献
  • 馆藏检索
  • 电子资源
  • 读者导购
  • 参考咨询
  • 我的图书馆
  • 登录
  • 详细信息显示
  • 放入我的书架
  • 预约/预借图书
  • 作者相关作品
  • 分类相关作品
  • 丛书相关作品
  • 出版社相关作品

书目信息

  • 表格格式
  • 工作单格式
  • 卡片格式
题名:
开启艺术之门
    
 
作者: 朱珂 著
分册:  
出版信息: 长春   吉林出版集团股份有限公司  2021
页数: 250页
开本: 24cm
丛书名:
单 册:
中图分类: J205.1
科图分类:
主题词: 绘画--hui hua--鉴赏--世界
电子资源:
ISBN: 978-7-5581-9610-2
000 01246nam0 2200265 450
001 2156208669
005 20211011172911.0
010    @a978-7-5581-9610-2@dCNY86.00
100    @a20210522d2021 em y0chiy0120 ea
101 0  @achi
102    @aCN@b220000
105    @aa az 000yy
106    @ar
200 1  @a开启艺术之门@Akai qi yi shu zhi men@e中外大师名画品读@dOpening the door of art@ereading of Chinese and foreign masters' paintings@f朱珂著@zeng
210    @a长春@c吉林出版集团股份有限公司@d2021
215    @a250页@c图@d24cm
320    @a有书目 (第248-250页)
330    @a中国画婉转缥缈,一笔一墨都渗透着情,西方画科学严谨,一点一线都体现着美。欣赏、品读名家名画,感悟、领会大师情怀,让艺术修养得以提升。本书为你解读中西方最具代表性的名画,同时阐述名画背后的精彩故事和画家的生平事迹,力图通过轻松、生动的方式让你了解画作的背景,体会艺术的魅力。通过本书,你将开启通往中西绘画艺术的大门,置身艺术的海洋,品味艺术之美。
510 1  @aOpening the door of art@ereading of Chinese and foreign masters' paintings@zeng
517 1  @a中外大师名画品读@Azhong wai da shi ming hua pin du
606 0  @a绘画@Ahui hua@x鉴赏@y世界
690    @aJ205.1@v5
701  0 @a朱珂@Azhu ke@4著
801  0 @aCN@b百万庄@c20211005
905    @b1304162-65@dJ205.1@e1192@f4
    
    开启艺术之门:中外大师名画品读=Opening the door of art:reading of Chinese and foreign masters' paintings/朱珂著.-长春:吉林出版集团股份有限公司,2021
    250页:图;24cm
    
    
    ISBN 978-7-5581-9610-2:CNY86.00
    中国画婉转缥缈,一笔一墨都渗透着情,西方画科学严谨,一点一线都体现着美。欣赏、品读名家名画,感悟、领会大师情怀,让艺术修养得以提升。本书为你解读中西方最具代表性的名画,同时阐述名画背后的精彩故事和画家的生平事迹,力图通过轻松、生动的方式让你了解画作的背景,体会艺术的魅力。通过本书,你将开启通往中西绘画艺术的大门,置身艺术的海洋,品味艺术之美。
●
相关链接 在E读中查询图书 在五车中查询图书 在当当中查询图书 在豆瓣中查询图书


正题名:开启艺术之门     索取号:J205.1/1192         预约/预借

序号 登录号 条形码 馆藏地/架位号 状态 备注
1 1304162   213041625   第一样本阅览室/ [索取号:J205.1/1192] 在馆    
2 1304163   213041634   第一借阅区/ [索取号:J205.1/1192] 在馆    
3 1304164   213041643   第一借阅区/ [索取号:J205.1/1192] 在馆    
4 1304165   213041652   第一借阅区/ [索取号:J205.1/1192] 在馆    
5 1355799   213557998   第一借阅区/ [索取号:J205.1/1192] 在馆    
6 1355800   213558005   第一借阅区/ [索取号:J205.1/1192] 在馆    
7 1355801   213558014   第一借阅区/ [索取号:J205.1/1192] 在馆    
8 1355802   213558023   第一借阅区/ [索取号:J205.1/1192] 在馆    
唐山师范学院图书馆 欢迎您!
大连网信软件有限公司© 版权所有